Statystyki dla Kraje świata według pierwszych trzech liter - 5 minuty

Kliknij tutaj aby rozwiązać quiz!

Ogólne statystyki

  • Ten quiz został rozwiązany 341 razy
  • Średni wynik to 127 z 196

Odpowiedzi na mapie

Odpowiedzi skodowane kolorowo w zielono-czerwonej skali na mapie do tego quizu, zgodnie z poniższymi procentami.
 

Statystyki odpowiedzi

kraj% Poprawnych
Republika
Południowej Afryki
98%
Chile
96%
Chiny
96%
Polska
96%
Rosja
95%
Stany Zjednoczone
95%
Holandia
94%
Australia
93%
Austria
93%
Francja
93%
Kanada
93%
Hiszpania
92%
Niemcy
92%
Brazylia
91%
Norwegia
91%
Wielka Brytania
91%
Dania
90%
Portugalia
90%
Szwajcaria
90%
Szwecja
90%
Ukraina
89%
Białoruś
88%
Finlandia
87%
Turcja
87%
Turkmenistan
87%
Czechy
86%
Indie
86%
Indonezja
86%
Litwa
86%
Meksyk
86%
Wietnam
86%
Włochy
86%
Belgia
85%
Belize
85%
Côte d'Ivoire
85%
Irlandia
85%
Islandia
85%
Łotwa
85%
Argentyna
83%
Egipt
83%
Estonia
83%
Grecja
83%
Grenada
83%
Japonia
83%
Kazachstan
83%
Monako
83%
Mongolia
83%
Słowacja
82%
Słowenia
82%
Wyspy Marshalla
81%
Irak
80%
Iran
80%
Malawi
80%
Malediwy
80%
Malezja
80%
Mali
80%
Malta
80%
Arabia Saudyjska
79%
Chorwacja
79%
Rumunia
79%
Madagaskar
77%
Czad
75%
Czarnogóra
75%
Kosowo
75%
Kostaryka
75%
Peru
75%
Korea Północna
74%
Korea Południowa
74%
Albania
73%
Bułgaria
73%
Węgry
73%
Kolumbia
72%
Oman
72%
Wenezuela
72%
Algieria
71%
Kuba
71%
Maroko
71%
Wyspy Salomona
71%
Bośnia i Hercegowina
70%
Mołdawia
70%
Niger
70%
Nigeria
70%
Boliwia
69%
Demokratyczna
Republika Konga
69%
Urugwaj
69%
Liban
68%
Liberia
68%
Libia
68%
Macedonia Północna
68%
Serbia
68%
Tunezja
68%
Cabo Verde
67%
Nowa Zelandia
67%
Paragwaj
67%
Republika
Środkowoafrykańska
67%
Ekwador
66%
Sudan
65%
Sudan Południowy
65%
Dominika
64%
Dominikana
64%
Jemen
64%
Afganistan
63%
Tajlandia
63%
Tajwan
63%
Wyspy Świętego
Tomasza i Książeca
63%
Pakistan
62%
Zjednoczone Emiraty
Arabskie
62%
Kambodża
61%
Kamerun
61%
Somalia
61%
Angola
60%
Armenia
60%
Etiopia
60%
Gruzja
60%
Kirgistan
60%
Kiribati
60%
Kongo
60%
Panama
60%
Uzbekistan
60%
Azerbejdżan
58%
Izrael
58%
Kenia
58%
Papua-Nowa Gwinea
58%
Tadżykistan
58%
Bahamy
57%
Bahrajn
57%
Watykan
57%
Filipiny
56%
Gwinea
56%
Gwinea Bissau
56%
Gwinea Równikowa
56%
Luksemburg
56%
Honduras
55%
Cypr
54%
Gujana
54%
Jamajka
54%
Mauretania
54%
Mauritius
54%
Surinam
54%
Andora
53%
San Marino
53%
Syria
53%
Laos
52%
Nikaragua
52%
Nepal
51%
Sri Lanka
51%
Jordania
50%
Katar
50%
Mozambik
50%
Zimbabwe
50%
Bangladesz
49%
Erytrea
49%
Gwatemala
49%
Salwador
49%
Senegal
49%
Tanzania
49%
Haiti
48%
Lesotho
48%
Mjanma
48%
Namibia
48%
Togo
48%
Zambia
48%
Bhutan
47%
Burundi
47%
Botswana
46%
Ghana
44%
Kuwejt
43%
Uganda
43%
Palau
42%
Saint Kitts i Nevis
42%
Saint Lucia
42%
Saint Vincent i
Grenadyny
42%
Fidżi
41%
Mikronezja
41%
Rwanda
41%
Seszele
41%
Gabon
40%
Liechtenstein
40%
Eswatini
39%
Benin
38%
Gambia
38%
Dżibuti
37%
Tonga
36%
Vanuatu
36%
Komory
35%
Nauru
35%
Sierra Leone
35%
Tuvalu
35%
Trynidad i Tobago
34%
Barbados
33%
Antigua i Barbuda
31%
Brunei
31%
Samoa
30%
Singapur
29%
Timor-Leste
29%
Burkina Faso
11%

Rozkład punktacji

Percentyl według liczby udzielonych odpowiedzi

Procent ludzi z każdym wynikiem

Twoja historia wyników

Nie rozwiązałeś tego quizu